Estatísticas para Distritos de São Paulo por IDH

Clique aqui para jogar o quiz

Estatísticas Gerais

  • Esse quiz foi jogado 726 vezes
  • A pontuação média é 58 de 96

Estatísticas das Respostas

RankDistrito% Correto
130,938Morumbi
88%
620,824Vila Maria
86%
760,795Itaquera
84%
20,960Pinheiros
84%
10,961Moema
83%
70,950Vila Mariana
82%
380,868Brás
81%
220,909Mooca
81%
450,858
81%
210,917Barra Funda
80%
190,925Santana
79%
140,936Tatuapé
78%
290,892Tucuruvi
78%
180,928Butantã
77%
60,953Itaim Bibi
77%
110,941Lapa
77%
150,936Liberdade
76%
90,943Santo Amaro
75%
350,883Ipiranga
72%
460,858Jabaquara
72%
30,957Perdizes
72%
790,782Capão Redondo
70%
890,762Itaim Paulista
70%
250,901República
70%
410,864Vila Matilde
70%
80,950Consolação
69%
540,841Pirituba
69%
40,957Jardim Paulista
68%
100,942Saúde
68%
390,867Vila Prudente
68%
950,747Parelheiros
67%
400,865Penha
67%
300,886Carrão
66%
900,754Grajaú
66%
680,806Campo Limpo
65%
170,930Santa Cecília
65%
50,955Alto de Pinheiros
64%
510,849Jaguaré
64%
120,940Bela Vista
63%
500,850Freguesia do Ó
63%
770,791Jaraguá
63%
780,786Sapopemba
63%
280,895Vila Sônia
63%
360,874Casa Verde
62%
870,766Cidade Tiradentes
62%
530,847Limão
62%
370,868Vila Guilherme
62%
160,932Campo Belo
61%
960,701Marsilac
61%
430,863Pari
61%
590,830Aricanduva
60%
840,769Brasilândia
60%
850,768Guaianases
60%
650,816Jaçanã
60%
600,826Tremembé
60%
830,772Perus
59%
260,897Belém
58%
340,884Vila Formosa
58%
930,750Jardim Ângela
57%
550,839Sacomã
57%
690,804São Mateus
57%
520,847Bom Retiro
54%
730,800Cidade Ademar
53%
720,801Ermelino Matarazzo
53%
670,808São Miguel Paulista
53%
230,907Vila Leopoldina
53%
580,833Artur Alvim
52%
660,815Cidade Dutra
52%
920,751Iguatemi
52%
440,863Jaguara
52%
240,903Cambuci
51%
470,855Rio Pequeno
51%
270,896Socorro
51%
310,886Água Rasa
50%
820,774Anhangüera
49%
320,885Mandaqui
49%
710,802Cachoeirinha
48%
640,817Cidade Líder
48%
490,853Vila Andrade
47%
200,921Campo Grande
46%
910,751Jardim Helena
46%
420,864São Lucas
45%
750,798Jardim São Luís
44%
480,854São Domingos
44%
940,748Lajeado
43%
570,834Ponte Rasa
43%
630,819Raposo Tavares
43%
860,767São Rafael
43%
560,836Vila Medeiros
41%
330,885Cursino
40%
740,799Parque do Carmo
40%
610,825Cangaíba
38%
700,804José Bonifácio
38%
810,777Pedreira
38%
800,779Vila Jacuí
37%
880,765Vila Curuçá
36%

Distribuição das Pontuações

Percentil de Números Respondidos

Porcentagem de Pessoas com Cada Pontuação

Sua Pontuação Histórica

Você não jogou esse quiz